Statistiques concernant l'Attaque des titans (anime + manga)

Cliquez ici pour prendre le quiz!

Statistiques générales

  • Ce quiz a été pris 3 443 fois
  • Le résultat moyen est 9 sur 15

Statistiques - réponses

HintRéponse% Correct
Quel est le nom de famille de Livaï?Ackerman
98%
Qui est le nouveau détenteur du titan colossal?Armin
93%
Qui est le détenteur du titan cuirassé?Reiner
90%
Combien il y a de titans primordiaux?9
89%
Quel est le vrai nom de Christa LenzHistoria
81%
Comment s'appelle le titan bestiale?Sieg
76%
Qui a donné à Eren son titan?son père
68%
Quel est le titan de Eren?titan assaillant
43%
Comment s'appelle la cousine de Reiner?Gaby
42%
Quel titan possède le clan Teyber?titan marteau
42%
Quel est le peuple ayant le pouvoir de se transformer en titan?eldiens
41%
Qui est Kenny Ackerman?l'oncle de Livaï
34%
Dans quel escouade appartenait Petra Ralle?escouade Livaï
28%
Comment s'appelle l'île sur laquelle l'humanité s'est retranché?l'île du paradis
21%
De quel sexe est Hansi Zoe?indéterminé
4%

Distribution des résultats

Percentile par nombre de réponses

% des personnes avec chaque résultat

Votre développement - résultats

Vous n’avez pas pris ce quiz